|
|
|
|
| LEADER |
00912nam a2200229 a 4500 |
| 001 |
GR-MES403 |
| 008 |
991111s1988 gr 000 b eng d |
| 020 |
|
|
|a 9719113812
|
| 040 |
|
|
|a GrPaTEI
|b gre
|c GR-PaULI
|
| 245 |
0 |
0 |
|a Prawn culture :
|b Scientific and practical approach.
|
| 260 |
|
|
|a Philippines :
|b Westpoint Aquaculture Corporation,
|c 1988
|
| 300 |
|
|
|a xxxi, 323σελ. :
|b εικ.,πιν.
|
| 504 |
|
|
|a Βιβλιογραφία: σελ.268-270
|
| 650 |
|
4 |
|a ΚΑΡΑΒΙΔΑ
|
| 650 |
|
4 |
|a Υδατοκαλλιέργειες
|
| 700 |
1 |
|
|a Jung, Chen Kong
|
| 700 |
1 |
|
|a William, G.
|
| 710 |
0 |
|
|a Westpoint Aquaculture Corporation
|
| 942 |
|
|
|2 ddc
|
| 952 |
|
|
|0 0
|1 0
|2 ddc
|4 0
|6 639_543000000000000_KON
|7 0
|9 263633
|a MSLG
|b MSLG
|c BSC
|d 2021-01-17
|e 24
|f 0
|g 0.00
|l 0
|o 639.543 KON
|p 2420000003846
|r 2021-01-17 00:00:00
|t 1
|w 2021-01-17
|y BK15
|x 19991111 0 1
|x GrPaTEI
|
| 971 |
|
|
|a .b25714442
|b 15-04-20
|c 13-09-16
|
| 999 |
|
|
|c 151781
|d 151781
|